Z generáció beilleszkedése a vendéglátás világába

Bibliographic Details
Main Author: Szlávik Eszter
Other Authors: Adorján Krisztián
Format: Project work
Kulcsszavak:emberi erőforrás - munkaerő
generációs különbségek
munkavállalás
vendéglátás
Z generáció
Online Access:http://dolgozattar.uni-bge.hu/60100

MARC

LEADER 00000nnm a2200000 i 4500
001 dolg60100
005 20260409150005.0
008 260409suuuu hu o 000 hun d
040 |a BGE Dolgozattár Repozitórium  |b hun 
041 |a hu 
100 1 |a Szlávik Eszter 
245 1 0 |a Z generáció beilleszkedése a vendéglátás világába  |c Szlávik Eszter  |h [elektronikus dokumentum] 
516 |a Project_work 
520 3 |a A kutatásom célja, hogy bemutassa a Z generáció munkához való hozzáállását, eddigi tapasztalatait és elvárásait, különös tekintettel a generációk közötti különbségek hatására. A vizsgálat arra fókuszál, hogyan látják és élik meg a munkát a fiatalok, akik technológiai fejlődésekkel együtt nőttek fel.A dolgozat fő tanulsága, hogy az alkalmazkodás mind a munkavállalók, mind a munkaadók részéről elengedhetetlen a hosszú távú, eredményes együttműködéshez. 
695 |a emberi erőforrás - munkaerő 
695 |a generációs különbségek 
695 |a munkavállalás 
695 |a vendéglátás 
695 |a Z generáció 
700 1 |a Adorján Krisztián  |e ths 
856 4 0 |u http://dolgozattar.uni-bge.hu/60100/1/Z%20gener%C3%A1ci%C3%B3%20beilleszked%C3%A9se%20a%20vend%C3%A9gl%C3%A1t%C3%A1s%20vil%C3%A1g%C3%A1ba.pdf  |z Dokumentum-elérés 
856 4 0 |u http://dolgozattar.uni-bge.hu/60100/2/Szl%C3%A1vik%20Eszter.pdf  |z Dokumentum-elérés